<?xml version="1.0" encoding="UTF-8"?>
<record
    xmlns:xsi="http://www.w3.org/2001/XMLSchema-instance"
    xsi:schemaLocation="http://www.loc.gov/MARC21/slim http://www.loc.gov/standards/marcxml/schema/MARC21slim.xsd"
    xmlns="http://www.loc.gov/MARC21/slim">

  <leader>00936nam a2200229 a 4500</leader>
  <controlfield tag="003">OSt</controlfield>
  <controlfield tag="005">20220531084006.0</controlfield>
  <controlfield tag="007">ta</controlfield>
  <controlfield tag="008">201123e1987    dr ac|||rf||| 001 0 spa d</controlfield>
  <datafield tag="040" ind1=" " ind2=" ">
    <subfield code="a">DO-SdBNP</subfield>
    <subfield code="b">spa</subfield>
    <subfield code="c">BNPHU</subfield>
  </datafield>
  <datafield tag="041" ind1=" " ind2=" ">
    <subfield code="h">spa</subfield>
  </datafield>
  <datafield tag="082" ind1=" " ind2=" ">
    <subfield code="a">xxx</subfield>
    <subfield code="b">J86m</subfield>
  </datafield>
  <datafield tag="100" ind1=" " ind2=" ">
    <subfield code="a">Joubert , Jos&#xE9;.</subfield>
    <subfield code="9">77363</subfield>
  </datafield>
  <datafield tag="245" ind1=" " ind2=" ">
    <subfield code="a">Manual de los cuerpos extra&#xF1;os en v&#xED;as respiratorias y digestivas :</subfield>
    <subfield code="b">manual de endoscop&#xED;a /</subfield>
    <subfield code="c">Jos&#xE9; Joubert ; Marcio Veloz Maggiolo... [et. al.] ,  direcci&#xF3;n editorial.</subfield>
  </datafield>
  <datafield tag="260" ind1=" " ind2=" ">
    <subfield code="a">San Pedro de Macor&#xED;s,  Rep&#xFA;blica Dominicana :</subfield>
    <subfield code="b">Universidad Central del Este ,</subfield>
    <subfield code="c">1987</subfield>
  </datafield>
  <datafield tag="300" ind1=" " ind2=" ">
    <subfield code="a">136 pg. ,</subfield>
    <subfield code="b">retratos ;</subfield>
    <subfield code="c">20 cm</subfield>
  </datafield>
  <datafield tag="700" ind1="1" ind2=" ">
    <subfield code="a">Maggiolo Veloz, Marcio ,</subfield>
    <subfield code="e">direcci&#xF3;n editorial.</subfield>
    <subfield code="9">77364</subfield>
  </datafield>
  <datafield tag="700" ind1="1" ind2=" ">
    <subfield code="a">Gast&#xF3;n Arce , Freddy ,</subfield>
    <subfield code="e">direcci&#xF3;n editorial</subfield>
    <subfield code="9">77365</subfield>
  </datafield>
  <datafield tag="700" ind1="1" ind2=" ">
    <subfield code="a">Camarazamy , Francisco ,</subfield>
    <subfield code="e">direcci&#xF3;n editorial</subfield>
    <subfield code="9">77366</subfield>
  </datafield>
  <datafield tag="700" ind1="1" ind2=" ">
    <subfield code="a">Luna Carder&#xF3;n , Fern&#xE1;ndo ,</subfield>
    <subfield code="e">direcci&#xF3;n editorial</subfield>
    <subfield code="9">44052</subfield>
  </datafield>
  <datafield tag="942" ind1=" " ind2=" ">
    <subfield code="2">ddc</subfield>
    <subfield code="c">LBS1</subfield>
  </datafield>
  <datafield tag="952" ind1=" " ind2=" ">
    <subfield code="0">0</subfield>
    <subfield code="1">0</subfield>
    <subfield code="2">ddc</subfield>
    <subfield code="7">1</subfield>
    <subfield code="8">PD</subfield>
    <subfield code="a">PD</subfield>
    <subfield code="b">PD</subfield>
    <subfield code="c">HD</subfield>
    <subfield code="d">2012-12-09</subfield>
    <subfield code="e">Donado por la biblioteca de INTEC</subfield>
    <subfield code="i">LF1</subfield>
    <subfield code="l">0</subfield>
    <subfield code="o">xxx J86m</subfield>
    <subfield code="p">49180</subfield>
    <subfield code="r">2020-11-23</subfield>
    <subfield code="w">2020-11-23</subfield>
    <subfield code="y">LFPD</subfield>
  </datafield>
  <datafield tag="999" ind1=" " ind2=" ">
    <subfield code="c">49180</subfield>
    <subfield code="d">49180</subfield>
  </datafield>
</record>
